000 00497nam a2200157Ia 4500
008 170221s9999 xx 000 0 und d
100 _aVigil, Tammy R.
245 _aConquering Constraints and Expanding Ethos: FDR’s 1932 Commonwealth Club Address
245 _cTammy R. Vigil.
260 _bStudies in Media and Communication
260 _c2014
300 _a34 : 5
650 _xCommunication
650 _xMedia Arts
856 _uhttp://redfame.com/journal/index.php/smc/issue/view/32
999 _c310796
_d310796